La Segunda República española : (Registro nro. 190781)

Detalles MARC
000 -LEADER
campo de control de longitud fija 01167nam a2200277 i 4500
001 - NÚMERO DE CONTROL
campo de control 190781
003 - IDENTIFICADOR DE NÚMERO DE CONTROL
campo de control ES-MaACL
005 - FECHA Y HORA DE LA ÚLTIMA TRANSACCIÓN
campo de control 20240203115537.0
008 - DATOS DE LONGITUD FIJA--INFORMACIÓN GENERAL
campo de control de longitud fija 220706s2021 sp a 001 0 spa
020 ## - NÚMERO INTERNACIONAL ESTÁNDAR DEL LIBRO
Número Internacional Estándar del Libro 978-84-9168-106-9
080 ## - NÚMERO DE LA CLASIFICACIÓN DECIMAL UNIVERSAL
Número de la Clasificación Decimal Universal 94(460) "1931/39" (093)
245 03 - MENCIÓN DEL TÍTULO
Título La Segunda República española :
Resto del título textos fundamentales : selección de leyes, discursos y proclamas /
Mención de responsabilidad, etc. Norbert Bilbeny (ed.) ; estudio histórico introductorio de Paola Lo Cascio ; investigación documental de Noli Cabezas Ramírez.
260 ## - PUBLICACIÓN, DISTRIBUCIÓN, ETC.
Lugar de publicación, distribución, etc. Barcelona :
Nombre del editor, distribuidor, etc. Universitat de Barcelona Edicions,
Fecha de publicación, distribución, etc. [2021]
300 ## - DESCRIPCIÓN FÍSICA
Extensión 454 p. :
Otras características físicas il. col. ;
Dimensiones 24 cm.
490 1# - MENCIÓN DE SERIE
Mención de serie Biblioteca universitaria
504 ## - NOTA DE BIBLIOGRAFÍA, ETC.
Nota de bibliografía, etc. Referencias bibliográficas.
651 #4 - PUNTO DE ACCESO ADICIONAL DE MATERIA--NOMBRE GEOGRÁFICO
Nombre geográfico España-
Subdivisión general Historia-
Subdivisión cronológica 1931-1939, II República-
Subdivisión de forma Fuentes.
9 (RLIN) 8289
700 1# - ENTRADA AGREGADA--NOMBRE PERSONAL
Nombre de persona Bilbeny, Norbert.
9 (RLIN) 174790
700 1# - ENTRADA AGREGADA--NOMBRE PERSONAL
Nombre de persona Lo Cascio, Paola.
9 (RLIN) 174791
700 1# - ENTRADA AGREGADA--NOMBRE PERSONAL
Nombre de persona Cabezas, Ramírez, Noli.
9 (RLIN) 174793
710 2# - ENTRADA AGREGADA--NOMBRE DE ENTIDAD CORPORATIVA
Nombre de entidad corporativa o nombre de jurisdicción como elemento de entrada Universidad de Barcelona.
9 (RLIN) 7141
830 1# - PUNTO DE ACCESO ADICIONAL DE SERIE-TÍTULO UNIFORME
Título uniforme Biblioteca universitaria
9 (RLIN) 177461
852 4# - LOCALIZACIÓN
Ubicación ES-MaACL
Número de control de estantería A-15003
itemnumber 197963
Sublocalización o colección R.153182
Ubicación en estantería Depósito 1
Signatura antigua Olim: N-8003
Donativo/Legado Donación: Editorial
942 ## - ELEMENTOS DE ENTRADA SECUNDARIOS (KOHA)
Fuente del sistema de clasificación o colocación Clasificación decimal universal
Existencias
Estatus retirado Estado de pérdida Fuente del sistema de clasificación o colocación Estado de daño No para préstamo Biblioteca de origen Biblioteca actual Ubicación en estantería Fecha de adquisición Fuente de adquisición Total de préstamos Signatura topográfica completa Código de barras Visto por última vez Precio de reemplazo Tipo de ítem Koha
    Clasificación decimal universal     Biblioteca del Ateneo de Madrid Biblioteca del Ateneo de Madrid Depósito 1 06/07/2022 Donación   A-15003 1203051 23/02/2023 23/02/2023 Libro impreso